Fictional Communist Flags #4 - Statistics

General Stats
  • This quiz has been taken 57 times
  • The average score is 8 of 14
Answer Stats
Picture Answer % Correct
Pakistan
95%
Alaska
83%
USA
83%
Equatorial Guinea
78%
Macau
73%
Lebanon
68%
New Mexico
68%
Quebec
58%
Georgia
53%
Alabama
43%
Christianity
38%
Holy Roman Empire
35%
Cape Verde
28%
Palau
20%
No matching quizzes found
Score Distribution
Percent of People with Each Score
Percentile by Number Answered
Your Score History
You have not taken this quiz